Commercial Banking Practice (Record no. 5471)

MARC details
000 -CABECERA
campo de control de longitud fija 00716nam a2200217 a 4500
001 - NÚMERO DE CONTROL
campo de control BRCA_5782
005 - FECHA Y HORA DE LA ÚLTIMA TRANSACCIÓN
campo de control 20190320205219.0
008 - DATOS DE LONGITUD FIJA--INFORMACIÓN GENERAL
campo de control de longitud fija 090311s1917----nyu#######---i001-0#eng-#
041 ## - CÓDIGO DE LENGUA
Código de lengua del texto/banda sonora o título independiente eng
044 ## - CÓDIGO DEL PAÍS DE LA ENTIDAD EDITORA/PRODUCTORA
Código MARC del país nyu
050 #4 - SIGNATURA TOPOGRÁFICA DE LA BIBLIOTECA DEL CONGRESO
Número de clasificación K3403
Número de documento/Ítem .C66
-- 1917
245 10 - MENCIÓN DE TÍTULO
Título Commercial Banking Practice
Resto del título The Law, Rules and Regulations Governing Acceptances, Rediscounts and Open Market Transactions of Federal Reserve Bank.
Mención de responsabilidad, etc. National Bank of Commerce in New York.
260 ## - PUBLICACIÓN, DISTRIBUCIÓN, ETC.
Lugar de publicación, distribución, etc. New York
Nombre del editor, distribuidor, etc. National Bank of Commerce.
Fecha de publicación, distribución, etc. 1917
300 ## - DESCRIPCIÓN FÍSICA
Extensión 66 p.
Dimensiones 23 cm.
500 ## - NOTA GENERAL
Nota general Índice
501 ## - NOTA DE "CON"
Nota de “Con” H81
650 14 - PUNTO DE ACCESO ADICIONAL DE MATERIA--TÉRMINO DE MATERIA
Término de materia o nombre geográfico como elemento de entrada Regulación administrativa
9 (RLIN) 14667
650 14 - PUNTO DE ACCESO ADICIONAL DE MATERIA--TÉRMINO DE MATERIA
Término de materia o nombre geográfico como elemento de entrada Leyes y legislación
Subdivisión geográfica New York
9 (RLIN) 14668
902 ## - CATALOGADOR
Iniciales GFM
942 ## - ELEMENTOS DE PUNTO DE ACCESO ADICIONAL (KOHA)
Fuente del sistema de clasificación o colocación Library of Congress Classification
Tipo de ítem Koha Libros
Holdings
Estado de retiro Estado de pérdida Estado dañado No para préstamo Localización permanente Ubicación/localización actual Fecha de adquisición Total de préstamos Signatura topográfica completa Código de barras Fecha visto por última vez Precio válido a partir de Tipo de ítem Koha
El ejemplar forma parte de la colección y puede ser consultado según las políticas vigentes.       Biblioteca del Museo Franz Mayer (Rogerio Casas-Alatriste) Biblioteca del Museo Franz Mayer (Rogerio Casas-Alatriste) 09/03/2011   K3403 .C66 1917 6221 22/03/2019 22/03/2019 Libros